Matemática 1º Medio: Texto para el estudiante
I tiakina i:
| Ngā kaituhi matua: | , |
|---|---|
| Hōputu: | Pukapuka |
| Reo: | Pāniora |
| I whakaputaina: |
Santiago
Arrayán
2004
|
| Putanga: | 1a. ed |
| Ngā marau: | |
| Ngā Tūtohu: |
Tāpirihia he Tūtohu
Kāore He Tūtohu, Me noho koe te mea tuatahi ki te tūtohu i tēnei pūkete!
|
MARC
| LEADER | 00000nam a2200000 a 4500 | ||
|---|---|---|---|
| 001 | UCH3190 | ||
| 003 | CL-VaPUC | ||
| 008 | 090715e20041200CL |||||||||||||||||spa|d | ||
| 020 | |a 9562403394 | ||
| 082 | 0 | 4 | |a 510.712 |b CID |2 21 |
| 100 | 0 | |a Cid Figueroa, Eduardo |e author |9 538420 | |
| 700 | 0 | |a Muñoz Varisco, Marcia |e author |9 538421 | |
| 245 | 1 | 0 | |a Matemática 1º Medio: Texto para el estudiante |
| 250 | |a 1a. ed | ||
| 300 | |a 255 p | ||
| 942 | |c BK | ||
| 945 | |d 20090715 00:00:00 |a dcastane | ||
| 260 | |a Santiago |b Arrayán |c 2004 | ||
| 650 | 0 | |a Matemáticas |x Enseñanza |9 875527 | |
| 650 | 0 | |a Métodos de enseñanza |9 270413 | |
| 650 | 0 | |a Libros de texto |9 270019 | |
| 583 | |a last modification |c 20170821 01:27:54 |k Rodrigo Vera | ||
| 999 | |c 334814 |d 334812 | ||